000 nam a22 7a 4500
999 _c336587
_d336587
003 IT-MiCISF
005 20170406164542.0
008 170406b xxu||||| |||| 00| 0 eng d
040 _cIT-MiCISF
041 _ait
100 _aDe Francisco José Angel
_956359
245 _aAdamo ed Eva in cerca del Paradiso
_bCome raggiungerlo attraverso il perdono
260 _aCantalupa (TO)
_bEffatà
_c2016
300 _app. 80
500 _aterapia-di-coppia, tecniche-terapeutiche, case-studies
520 _aLe coppie si separano perché non hanno saldato i propri conti emozionali. All’offesa segue la vendetta, la comunicazione si blocca e i due entrano in una dinamica in cui assumono i ruoli di vittima e aggressore, in un circolo vizioso che li porta alla rottura. Il metodo presentato dagli autori di questo libro indica una via per rompere tale dinamica negativa e avvicinare le coppie al perdono, offrendo un modo peculiare di approcciarsi ai torti e introducendo una serie di principi e concetti che man mano mettono i coniugi di fronte al conflitto con uno sguardo nuovo. L’obiettivo è quello di indirizzarli verso una buona comprensione, stimolando la necessità di perdonarsi e di ricominciare con una formula nuova la loro vita coniugale.
650 _aterapia
_956160
654 _asaggio
700 _aCanet M.D.
_956360
942 _2ddc
_cBK